| Tag |
First Indicator |
Second Indicator |
Subfields |
| LEADER |
00000cam a2200000 a 4500 |
| 001 |
in00000576821 |
| 005 |
20151014065823.0 |
| 008 |
850510s1985 mdu b 00110 eng d |
| 010 |
|
|
|a 83081972
|
| 019 |
|
|
|a 12032736
|
| 020 |
|
|
|a 0912338431
|
| 035 |
|
|
|a (OCoLC)12018496
|
| 035 |
|
|
|9 ACN8304AM
|
| 040 |
|
|
|a YPA
|c YPA
|d MDU
|d OCL
|d HOU
|d TXA
|d UtOrBLW
|
| 049 |
|
|
|a TXAM
|c [A08441435]
|
| 090 |
|
|
|a JF1411
|b .G62 1985
|
| 092 |
|
|
|a 351.0073
|b G625
|
| 100 |
1 |
|
|a Golembiewski, Robert T.
|
| 245 |
1 |
0 |
|a Humanizing public organizations :
|b perspectives on doing better-than-average when average ain't at all bad /
|c Robert T. Golembiewski.
|
| 264 |
|
1 |
|a [Mt. Airy, Md.] :
|b Lomond,
|c 1985.
|
| 300 |
|
|
|a viii, 377 pages ;
|c 24 cm.
|
| 336 |
|
|
|a text
|b txt
|2 rdacontent
|
| 337 |
|
|
|a unmediated
|b n
|2 rdamedia
|
| 338 |
|
|
|a volume
|b nc
|2 rdacarrier
|
| 504 |
|
|
|a Includes bibliographical references and indexes.
|
| 650 |
|
0 |
|a Public administration
|x Management.
|
| 650 |
|
0 |
|a Organizational change.
|
| 650 |
|
0 |
|a Organizational behavior.
|
| 999 |
|
|
|a MARS
|
| 999 |
f |
f |
|s 428f6211-a0db-30dd-8035-e6b89268d872
|i fabf5f6a-2eb2-35b7-8cff-27d2bded84ba
|t 0
|
| 952 |
f |
f |
|p ric
|a Texas A&M University
|b Rellis Campus
|c Joint Library Facility
|d Remote Storage
|t 0
|e JF1411 .G62 1985
|h Library of Congress classification
|i unmediated -- volume
|m A14808441435
|
| 998 |
f |
f |
|a JF1411 .G62 1985
|t 0
|l Remote Storage
|